Volkhafte Dichtung der Zeit /

Hlavní autor: Langenbucher, Hellmuth, 1905-1980
Jazyk: Němčina
Vydáno: Berlin : Junker und Dünnhaupt, 1940
Vydání: 5., ergänzte und erweiterte Auflage
Témata:
Fyzický popis: 653 stran, 32 nečíslovaných stran obrazových příloh : ilustrace, portréty ; 25 cm
Language note: Tištěno švabachem
Knihy
Uloženo v:
LEADER 01294nam a22003497i 4500
001 001946939
003 CZ BrMZK
005 20250910151020.0
007 ta
008 250910s1940 gw acf er|||||||||||ger d
020 |q (Vázáno) 
040 |a ABA001  |b cze  |d BOA001  |e rda 
072 7 |a 821.112.2.09  |x Německá literatura, německy psaná (o ní)  |2 Konspekt  |9 11 
080 |a 821.112.2  |2 MRF 
080 |a (048.8)  |2 MRF 
100 1 |a Langenbucher, Hellmuth,  |d 1905-1980  |7 xx0329817  |4 aut 
245 1 0 |a Volkhafte Dichtung der Zeit /  |c von Hellmuth Langenbucher 
250 |a 5., ergänzte und erweiterte Auflage 
264 1 |a Berlin :  |b Junker und Dünnhaupt,  |c 1940 
300 |a 653 stran, 32 nečíslovaných stran obrazových příloh :  |b ilustrace, portréty ;  |c 25 cm 
336 |a text  |b txt  |2 rdacontent 
337 |a bez média  |b n  |2 rdamedia 
338 |a svazek  |b nc  |2 rdacarrier 
500 |a Vyšlo v části nákladu 16. bis 20. Tausend der Gesamtauflage 
500 |a Obsahuje rejstřík 
546 |a Tištěno švabachem 
650 0 7 |a německá literatura  |7 ph117246  |2 czenas 
655 7 |a monografie  |7 fd132842  |2 czenas 
910 |a BOA001  |b 2-0154.108 
990 |a BK 
991 |b 202509 
996 6 |b BC-2601183  |c 2-0154.108  |l MZK  |r Sklad / do 24 hodin  |n 0  |w 002017638  |u 000010  |a 1  |e BOA001  |j MZK50  |s P